Catholic high schools and minority students /

Bibliographic Details
Main Author: Greeley, Andrew M., 1928-2013
Format: Book
Language:English
Published: New Brunswick : Transaction Books, [1982]
Subjects:

MARC

Tag First Indicator Second Indicator Subfields
LEADER 00000pam a2200000 a 4500
001 in00000092709
005 20150923132159.0
008 811215s1982 njua 00010 eng
010 |a  81023131  
020 |a 0878554521 
035 |a (OCoLC)08114179 
035 |9 AAK7531AM 
039 0 |a 2  |b 3  |c 3  |d 3  |e 3 
040 |a DLC  |c DLC  |d TXA  |d UtOrBLW 
043 |a n-us--- 
049 |a TXAM  |c [1362628] 
050 0 0 |a LC501  |b  G73 1982 
082 0 |a 377/.82  |2 19 
100 1 |a Greeley, Andrew M.,  |d 1928-2013. 
245 1 0 |a Catholic high schools and minority students /  |c Andrew M. Greeley. 
264 1 |a New Brunswick :  |b Transaction Books,  |c [1982] 
264 4 |c ©1982 
300 |a x, 117 pages :  |b illustrations ;  |c 24 cm. 
336 |a text  |b txt  |2 rdacontent 
337 |a unmediated  |b n  |2 rdamedia 
338 |a volume  |b nc  |2 rdacarrier 
650 0 |a Catholic high schools  |z United States. 
650 0 |a Minorities  |x Education (Secondary)  |z United States. 
650 0 |a Educational surveys  |z United States. 
999 |a MARS 
999 f f |s f9431000-9464-3b80-b3c3-816cddd3f498  |i ec934fd1-836e-3591-ae93-ba3cc4c43ded  |t 0 
952 f f |p normal  |a Texas A&M University  |b College Station  |c Sterling C. Evans Library  |d Evans: Library Stacks  |t 0  |e LC501 G73 1982  |h Library of Congress classification  |i unmediated -- volume  |m A14806006881 
998 f f |a LC501 G73 1982  |t 0  |l Evans: Library Stacks